Frontera y movilidad humana : (Registro nro. 31125)

Detalles MARC
000 -LEADER
fixed length control field 02499nam a22003137a 4500
003 - CONTROL NUMBER IDENTIFIER
control field OSt
005 - DATE AND TIME OF LATEST TRANSACTION
control field 20260128205517.0
008 - FIXED-LENGTH DATA ELEMENTS--GENERAL INFORMATION
fixed length control field 251229b |||||||| |||| 00| 0 eng d
020 ## - INTERNATIONAL STANDARD BOOK NUMBER
International Standard Book Number 9789585314719
037 ## - SOURCE OF ACQUISITION
Source of stock number/acquisition Donación
040 ## - CATALOGING SOURCE
Original cataloging agency CO-JMCR
Language of cataloging spa
Transcribing agency CO-JMCR
Modifying agency CO-JMCR
Description conventions rda
041 0# - LANGUAGE CODE
Language code of text/sound track or separate title spa
082 04 - DEWEY DECIMAL CLASSIFICATION NUMBER
Classification number 304.8870861
Item number K93f
245 10 - TITLE STATEMENT
Title Frontera y movilidad humana :
Remainder of title Recomendaciones para la integración e inclusión de la movilidad humana proveniente de Venezuela en las políticas de recuperación socioeconómica post-COVID-19 en las zonas de la frontera /
Statement of responsibility, etc. Documento de investigación de Christian Krüger Sarmiento
250 ## - EDITION STATEMENT
Edition statement Edición / Primera
260 ## - PUBLICATION, DISTRIBUTION, ETC.
Place of publication, distribution, etc. Bogotá
-- Cúcuta
Name of publisher, distributor, etc. Universidad del Rosario
-- Fundación Konrad Adenauer
-- Gobernación de Norte de Santander
Date of publication, distribution, etc. 2020
264 ## - PRODUCTION, PUBLICATION, DISTRIBUTION, MANUFACTURE, AND COPYRIGHT NOTICE
Place of production, publication, distribution, manufacture Bogotá :
Name of producer, publisher, distributor, manufacturer Fundación Konrad Adenauer,
Date of production, publication, distribution, manufacture, or copyright notice 2020
264 ## - PRODUCTION, PUBLICATION, DISTRIBUTION, MANUFACTURE, AND COPYRIGHT NOTICE
Place of production, publication, distribution, manufacture Bogotá :
Name of producer, publisher, distributor, manufacturer Universidad del Rosario,
Date of production, publication, distribution, manufacture, or copyright notice 2020
264 ## - PRODUCTION, PUBLICATION, DISTRIBUTION, MANUFACTURE, AND COPYRIGHT NOTICE
Place of production, publication, distribution, manufacture Cúcuta :
Name of producer, publisher, distributor, manufacturer Gobernación de Norte de Santander,
Date of production, publication, distribution, manufacture, or copyright notice 2020
300 ## - PHYSICAL DESCRIPTION
Extent 112 páginas :
Other physical details Ilustraciones ;
Dimensions 19 cm.
504 ## - BIBLIOGRAPHY, ETC. NOTE
Bibliography, etc. note Bibliografía : páginas 107 - 112
520 3# - SUMMARY, ETC.
Summary, etc. No se puede pensar que el reto migratorio ha terminado y que los venezolanos han empezado a regresar a su país. Por el contrario, la situación de salud pública en Venezuela es precaria. La opacidad del gobierno de Nicolas maduro y la falta de comunicación y de relaciones diplomáticas y consulares entre ambos Estados hacen incierto para las autoridades colombianas calcular las dimensiones de la emergencia en salud pública que se están encubando en el vecino país y su impacto en la movilidad humana.<br/>Este documento es un ejercicio con el objetivo de identificar a las autoridades responsables de formular, ejecutar y evaluar políticas para la integración e inclusión de la movilidad humana proveniente de Venezuela en las políticas de recuperación socioeconómica post – COVID-19 en los departamentos, ciudades y municipios de las zonas de frontera, así como de crear espacios para el diálogo entre dichas autoridades y formular recomendaciones a partir de escuchar sus principales inquietudes y preocupaciones. <br/>
650 #7 - SUBJECT ADDED ENTRY--TOPICAL TERM
Topical term or geographic name entry element Venezolanos en Colombia
General subdivision Condiciones sociales
9 (RLIN) 173797
Source of heading or term JMCR
Geographic subdivision Colombia
650 #7 - SUBJECT ADDED ENTRY--TOPICAL TERM
Topical term or geographic name entry element Fronteras
General subdivision Aspectos sociales
9 (RLIN) 173798
Source of heading or term JMCR
Geographic subdivision Colombia
700 1# - ADDED ENTRY--PERSONAL NAME
Personal name Rodríguez, Ronal Fabian,
9 (RLIN) 173800
Relator term Investigador
700 1# - ADDED ENTRY--PERSONAL NAME
Personal name Robayo, María Clara,
9 (RLIN) 173801
Relator term Investigadora
700 1# - ADDED ENTRY--PERSONAL NAME
Personal name Mendoza, Laura,
9 (RLIN) 62499
Relator term Investigadora
942 ## - ADDED ENTRY ELEMENTS (KOHA)
Source of classification or shelving scheme Dewey Decimal Classification
Koha item type Books
Existencias
Withdrawn status Lost status Source of classification or shelving scheme Damaged status Not for loan Collection code Home library Current library Shelving location Date acquired Source of acquisition Total Checkouts Full call number Barcode Date last seen Copy number Price effective from Koha item type
    Dewey Decimal Classification     Non-fiction Biblioteca Pública José María del Castillo y Rada Biblioteca Pública José María del Castillo y Rada Book Cart 08/15/2024 donación   304.8870861 K93f 201812510 12/29/2025 Ej: 1 12/29/2025 Books